Tribhuvan University Central Library

Discrete and combinatorial mathematics; an applied introduction (Record no. 20505)

MARC details
000 -LEADER
fixed length control field 007470000a22002890004500
082 ## - DEWEY DECIMAL CLASSIFICATION NUMBER
Classification number 511.6
Item number G88d
-- T
020 ## - INTERNATIONAL STANDARD BOOK NUMBER
International Standard Book Number 0-201-60044-7
041 ## - LANGUAGE CODE
Language code of text/sound track or separate title Eng
100 ## - MAIN ENTRY--PERSONAL NAME
Personal name Grimaldi, Ralph P.
245 ## - TITLE STATEMENT
Title Discrete and combinatorial mathematics; an applied introduction
250 ## - EDITION STATEMENT
Edition statement 3rd edn.
260 ## - PUBLICATION, DISTRIBUTION, ETC. (IMPRINT)
Place of publication, distribution, etc Massachusetts
Name of publisher, distributor, etc Addison-Wesley Publishing, USA
260 ## - PUBLICATION, DISTRIBUTION, ETC. (IMPRINT)
Date of publication, distribution, etc 1994
300 ## - PHYSICAL DESCRIPTION
Extent xvi, 874p.
Other physical details illus.
500 ## - GENERAL NOTE
General note Bibliography also includes
518 ## - DATE/TIME AND PLACE OF AN EVENT NOTE
Date/time and place of an event note 991213
530 ## - ADDITIONAL PHYSICAL FORM AVAILABLE NOTE
Additional physical form available note M
650 ## - SUBJECT ADDED ENTRY--TOPICAL TERM
Topical term or geographic name as entry element Combinatorial analysis
650 ## - SUBJECT ADDED ENTRY--TOPICAL TERM
Topical term or geographic name as entry element Combinations
650 ## - SUBJECT ADDED ENTRY--TOPICAL TERM
Topical term or geographic name as entry element Discrete measures
650 ## - SUBJECT ADDED ENTRY--TOPICAL TERM
Topical term or geographic name as entry element Mathematics
650 ## - SUBJECT ADDED ENTRY--TOPICAL TERM
Topical term or geographic name as entry element Combinatorial topology
650 ## - SUBJECT ADDED ENTRY--TOPICAL TERM
Topical term or geographic name as entry element Set theory
650 ## - SUBJECT ADDED ENTRY--TOPICAL TERM
Topical term or geographic name as entry element Algebra
650 ## - SUBJECT ADDED ENTRY--TOPICAL TERM
Topical term or geographic name as entry element Graph theory
942 ## - ADDED ENTRY ELEMENTS (KOHA)
Koha item type General Collections
Holdings
Withdrawn status Lost status Damaged status Not for loan Home library Current library Date acquired Total Checkouts Barcode Date last seen Price effective from
        Tribhuvan University Central Library Tribhuvan University Central Library 06/20/2010   120756 06/20/2010 06/20/2010